[Event "SVK-ch Open 2018"]
[Site "Banska Stiavnica"]
[Date "2018.07.15"]
[Round "9"]
[White "Hagara, Eduard"]
[Black "Sandor, Martin"]
[Result "0-1"]
[WhiteElo "1758"]
[BlackElo "1968"]
[Annotator "NA"]
[PlyCount "38"]
[EventDate "2018.07.07"]
[EventType "swiss"]
[EventCountry "SVK"]
[SourceTitle "playchess.com"]
[Source "ChessBase"]
[SourceQuality "1"]
[TimeControl "40/5400+30:1800+30"]

1. b3 {[%emt 0:00:00]} e5 {[%emt 0:00:00]} 2. Bb2 {[%emt 0:00:00]} Nc6 {[%emt 0:00:00]} 3. e3 {[%emt 0:00:17]} Nf6 {[%emt 0:00:07]} 4. c4 {[%emt 0:00:47]} Be7 {[%emt 0:02:01]} 5. Nc3 {[%emt 0:01:52]} O-O {[%emt 0:03:30]} 6. Bd3 {[%emt 0:00:31]} d5 {[%emt 0:00:45]} 7. Bb1 {[%emt 0:07:39]} Be6 {[%emt 0:06:52]} 8. cxd5 {[%emt 0:03:41]} Nxd5 {[%emt 0:01:14]} 9. Nf3 {[%emt 0:00:22]} Bf6 {[%emt 0:02:57]} 10. Ne4 {[%emt 0:04:45]} Bg4 {[%emt 0:10:36]} 11. Nxf6+ {[%emt 0:06:54]} Qxf6 {[%emt 0:01:13]} 12. Be4 {[%emt 0:01:43]} Nde7 {[%emt 0:03:00]} 13. Qc2 {[%emt 0:12:51]} Bf5 {[%emt 0:03:34]} 14. h3 {[%emt 0:04:00]} Qg6 {[%emt 0:07:47]} 15. Bxf5 {[%emt 0:10:41]} Nxf5 {[%emt 0:00:27]} 16. g4 {[%emt 0:00:29]} Nh4 {[%emt 0:02:38]} 17. Qxg6 {[%emt 0:01:49]} Nxf3+ {[%emt 0:00:06]} 18. Ke2 fxg6 19. h4 {[%emt 0:01:01]} e4 {[%emt 0:00:50]} 0-1